| 000 | 01540nam a2200349 a 4500 | ||
|---|---|---|---|
| 003 | AR-BeUNQ | ||
| 005 | 20230922182815.0 | ||
| 007 | ta | ||
| 008 | 230713s2021 ag gr 001 d spa d | ||
| 020 | _a9789871458622 | ||
| 040 |
_aAR-BaBN _bspa _cAR-BaBN _dAR-BeUNQ _eaacr |
||
| 082 | 0 | 4 |
_221 _aAr 862 |
| 100 | 1 |
_aTursi, Adriana, _d1961- _eaut. |
|
| 245 | 1 | 0 |
_aCartas de amor perdidas por Mariquita Sánchez de Thompson : _by otras obras teatrales / _cAdriana Tursi. |
| 250 | _a1a ed. especial | ||
| 260 |
_aCiudad Autónoma de Buenos Aires : _bProyecto Larsen, _c2021. |
||
| 300 |
_a126 p. ; _c20 cm. |
||
| 490 | 1 |
_aTeatro Contemporáneo (Proyecto Larsen) ; _v2 |
|
| 500 | _aColección literaria para el nivel secundario del Plan Nacional de Lectura del Ministerio de Educación de la Nación. | ||
| 500 | _aPrólogo de Pacho O'Donnell. | ||
| 505 | 0 | _aPrólogo -- Cartas de amor perdidas por Mariquita Sánchez de Thompson -- Felicitas o las niñas mudas -- Aurelia... la amante auente -- Extraña fuga de la anciana y su criada -- Mariquita, Aurelia y Felicitas. | |
| 650 | 7 |
_aLiteratura argentina _2tell |
|
| 650 | 7 |
_aTeatro _2tell |
|
| 651 | 7 |
_aArgentina _2spines |
|
| 700 | 1 |
_aO'Donnell, Pacho, _d1941- _epról. |
|
| 740 | 0 | 2 | _aFelicitas o las niñas mudas |
| 740 | 0 | 2 | _aAurelia... la amante ausente |
| 740 | 0 | 2 | _aExtraña fuga de la anciana y su criada |
| 830 | 0 |
_aTeatro Contemporáneo (Proyecto Larsen) _v2 |
|
| 929 |
_aDONACION _bMinisterio de Educación de la Nación _d300,00 _e20230629 _fPAT0080256 _h2 _j61275 |
||
| 942 | 0 | 8 | _cLIB |
| 999 |
_c337 _d337 |
||